Statistiques concernant Focus sur: Norbert Dragonneau - Harry Potter

Cliquez ici pour prendre le quiz!

Statistiques générales

  • Ce quiz a été pris 352 fois
  • Le résultat moyen est 8 sur 10

Statistiques - réponses

Informations recherchéesRéponses% Correct
Statut du sangSang-Mêlé ou Sang-Pur
97%
Ecole fréquentéePoudlard
96%
Maison fréquentéePoufsouffle
96%
Couleur des cheveuxChâtain
91%
Livre écritVie et habitat des animaux fantastiques
89%
ProfessionMagizoologiste/Auteur/Employé du ministère de la Magie
72%
Espèce de l'animal de compagnieNiffleur
69%
FrèreThésée Dragonneau
58%
Première apparitionHarry Potter à l'école des sorciers
57%
Acteur l'interprétant dans les filmsEddie Redmayne
36%

Distribution des résultats

Percentile par nombre de réponses

% des personnes avec chaque résultat

Votre développement - résultats

Vous n’avez pas pris ce quiz